André Green / (Record no. 93104)

MARC details
000 -CABECERA
campo de control de longitud fija 00780nam a2200229 a 4500
005 - FECHA Y HORA DE LA ÚLTIMA TRANSACCIÓN
campo de control 20210223124759.0
008 - ELEMENTOS DE LONGITUD FIJA--INFORMACIÓN GENERAL
campo de control de longitud fija 021106s1999 mx r 000 0 spa d
020 ## - NÚMERO INTERNACIONAL NORMALIZADO PARA LIBROS
Número Internacional Estándar del Libro 847030657X
035 ## - NÚMERO DE CONTROL DEL SISTEMA
Número de control de sistema UPN01000120770
049 ## - COLECCIÓN
Colección CG
050 #4 - SIGNATURA TOPOGRÁFICA DE LA BIBLIOTECA DEL CONGRESO
Número de clasificación BF109 G6.7
Número de documento/Ítem D8.28
100 1# - ASIENTO PRINCIPAL--NOMBRE PERSONAL
Nombre de persona Duparc,Francois
245 10 - MENCIÓN DE TÍTULO
Título André Green /
Mención de responsabilidad, etc. Francois Dupac ;tr. Pilar Artaloytia.
250 ## - MENCIÓN DE EDICIÓN
Mención de edición ed. española rev. por Isabel Usobiaga.
260 ## - PUBLICACIÓN, DISTRIBUCIÓN, ETC.
Lugar de publicación, distribución, etc. Madrid :
Nombre del editor, distribuidor, etc. Asociación Psicoanalítica de Madrid :
-- Biblioteca Nueva,
Fecha de publicación, distribución, etc. 1999.
300 ## - DESCRIPCIÓN FÍSICA
Extensión 155 p. :
Otras características físicas il.
440 #0 - MENCIÓN DE SERIE/ASIENTO SECUNDARIO--TÍTULO
Título Psicoanálisis de hoy ;
Designación de volumen o secuencia 2
500 ## - NOTA GENERAL
Nota general Título en la cubierta : André Green : vida y pensamiento psicoanalítico.
650 #4 - ASIENTO SECUNDARIO DE MATERIA - TERMINO TEMATICO
Término de materia o nombre geográfico como elemento de entrada PSICOLOGOS -
Subdivisión de forma BIOGRAFIA
9 (RLIN) 22246
650 #4 - ASIENTO SECUNDARIO DE MATERIA - TERMINO TEMATICO
Término de materia o nombre geográfico como elemento de entrada PSICOANALISIS -
Subdivisión general HISTORIA
9 (RLIN) 6139
905 ## - TIPO DE MATERIAL
Tipo de material Libro
Holdings
Estado de retiro Estado de pérdida Fuente del sistema de clasificación o colocación Estado dañado No para préstamo Código de colección Localización permanente Ubicación/localización actual Ubicación en estantería Total de préstamos Clasificación Código de barras Fecha visto por última vez Número de copia Tipo de ítem Koha
    Library of Congress Classification     Colección General Bib. Gregorio Torres Quintero Bib. Gregorio Torres Quintero Planta baja   BF109 G6.7 D8.28 190360 31/12/2020 1 Libro